VANISHING Eden : The plight of the tropical rainforest; with a foreword by Olivia Newton-John

Bibliographic Details
Other Authors: Atkins 1939-, Kimber
Format: Book
Published: New York : Barron's , 1991
Subjects:

MARC

LEADER 00000cam a2200000 7i4500
001 0000001076
005 20131215.0
020 0 0 |a 0812062469 
090 0 0 |a R333.751370913   |b VAN 1991 
245 0 0 |a VANISHING Eden :   |b The plight of the tropical rainforest; with a foreword by Olivia Newton-John   |c editor, Edward G. Atkins ; [translated from the German by Rita and Robert Kimber] 
260 0 0 |a New York :   |b Barron's ,   |c 1991 
300 |a 304 p. :   |b chiefly col. ill. ;   |c 35 cm. 
500 0 0 |a Translation of: 'Der Garten Eden darf nicht sterben'   |a Includes index 
650 0 0 |a Deforestation   |x Tropics 
650 0 0 |a Rain forest conservation 
650 0 0 |a Rain forest ecology 
650 0 0 |a Rain forests 
700 0 1 |a Atkins   |h Edward G. ,   |c 1939- 
700 0 1 |a Kimber   |h Rita 
700 0 1 |a Kimber   |h Robert 
998 |a JPSM 
999 |a 0000002022   |b Monograph   |c Reference   |e Default branch